[Event "Titled Tue 20th May Late"]
[Site "chess.com INT"]
[Date "2025.05.20"]
[Round "3"]
[White "Serban, Cristian-Stefan"]
[Black "Zanette, Edgard Vinicius"]
[Result "1-0"]
[WhiteTitle "FM"]
[WhiteElo "2332"]
[BlackElo "2041"]
[WhiteFideId "1241443"]
[BlackFideId "2109263"]
[EventDate "2025.05.20"]

1. Nf3 d5 2. e3 Bf5 3. c4 e6 4. Nc3 c6 5. d4 Bb4 6. Bd2 Nf6 7. Nh4 Bg6 8. Nxg6
hxg6 9. Qb3 Bxc3 10. Bxc3 Qb6 11. Qa3 Qd8 12. Bd3 dxc4 13. Bxc4 Ne4 14. Bd3 Nxc3
15. bxc3 Nd7 16. Rb1 Qc7 17. h3 b6 18. O-O g5 19. f4 gxf4 20. Rxf4 Nf6 21. Rbf1
Qe7 22. Qa4 Rc8 23. e4 O-O 24. Qd1 e5 25. Rxf6 gxf6 26. Qg4+ Kh8 27. Rf5 1-0

[Event "Titled Tue 20th May Late"]
[Site "chess.com INT"]
[Date "2025.05.20"]
[Round "3"]
[White "Ruiz Aguilar, Pablo Alexander"]
[Black "Goncharov, Vladimir"]
[Result "0-1"]
[WhiteTitle "FM"]
[WhiteElo "2141"]
[BlackElo "2077"]
[WhiteFideId "4401352"]
[BlackFideId "34162256"]
[EventDate "2025.05.20"]

1. e4 e6 2. d4 d5 3. e5 c5 4. c3 Nc6 5. Nf3 Nge7 6. Bd3 cxd4 7. cxd4 Nf5 8. Bxf5
exf5 9. O-O Be7 10. Nc3 Be6 11. Ne1 g5 12. Nc2 f4 13. Rb1 Rc8 14. Qd3 Qd7 15.
Qd1 Bg4 16. f3 Bf5 17. Ra1 O-O 18. Re1 Rfd8 19. h4 h6 20. hxg5 hxg5 21. a3 Bxc2
22. Qxc2 Nxd4 23. Qd3 Ne6 24. Kh2 Kg7 25. Bd2 Bc5 26. Qf5 Rh8+ 0-1

[Event "Titled Tue 20th May Late"]
[Site "chess.com INT"]
[Date "2025.05.20"]
[Round "3"]
[White "Erigaisi, Arjun"]
[Black "Miszler, Levente"]
[Result "1-0"]
[WhiteTitle "GM"]
[BlackTitle "FM"]
[WhiteElo "2782"]
[BlackElo "2261"]
[WhiteFideId "35009192"]
[BlackFideId "763276"]
[EventDate "2025.05.20"]

1. a3 a6 2. h3 h6 3. Nf3 Nf6 4. d3 e6 5. e4 d5 6. Nbd2 c5 7. Be2 Nc6 8. c3 Be7
9. Qc2 O-O 10. b4 b5 11. Bb2 Bb7 12. bxc5 Bxc5 13. e5 Nd7 14. d4 Be7 15. Nf1 Rc8
16. Ne3 a5 17. Bxb5 Qb6 18. a4 Ba6 19. Bxa6 Qxa6 20. Qe2 Qb6 21. O-O Rb8 22.
Rfb1 Qc7 23. h4 Nb6 24. h5 Na7 25. g3 Nc4 26. Nxc4 dxc4 27. Bc1 Rfc8 28. Rxb8
Qxb8 29. Nd2 Qc7 30. f4 Qc6 31. Qe4 Qxe4 32. Nxe4 Rb8 33. Nd2 Nc6 34. Rb1 Rc8
35. Kf2 Kf8 36. Ke3 Ke8 37. Nxc4 Nd8 38. Kd3 Nc6 39. Rb5 Rd8 40. Nxa5 1-0

[Event "Titled Tue 20th May Late"]
[Site "chess.com INT"]
[Date "2025.05.20"]
[Round "3"]
[White "Demaria, Juan Pablo"]
[Black "Kjaergaard-Jensen, Jesper"]
[Result "1-0"]
[WhiteTitle "FM"]
[BlackTitle "CM"]
[WhiteElo "2215"]
[BlackElo "2081"]
[WhiteFideId "104922"]
[BlackFideId "1406990"]
[EventDate "2025.05.20"]

1. e4 Nf6 2. d3 d5 3. e5 Ng4 4. f4 h5 5. Nf3 Nh6 6. Be2 c6 7. O-O Qb6+ 8. Kh1
Ng4 9. d4 Bf5 10. c4 e6 11. Nc3 dxc4 12. Bxc4 Bb4 13. h3 Bxc3 14. bxc3 Nd7 15.
Kg1 O-O-O 16. a4 a5 17. Bd2 Nh6 18. Qe2 Nb8 19. Be3 Qc7 20. Ra3 Be4 21. Ng5 Bd5
22. Rb1 Bxc4 23. Qxc4 Qe7 24. Rab3 Rd7 25. Ne4 Nf5 26. Bf2 h4 27. Nc5 Rc7 28.
Rxb7 1-0

[Event "Titled Tue 20th May Late"]
[Site "chess.com INT"]
[Date "2025.05.20"]
[Round "3"]
[White "Carlsson, Ludvig"]
[Black "Bagheri, Maziar"]
[Result "0-1"]
[WhiteTitle "IM"]
[BlackTitle "FM"]
[WhiteElo "2374"]
[BlackElo "2287"]
[WhiteFideId "1727010"]
[BlackFideId "12530913"]
[EventDate "2025.05.20"]

1. e4 c5 2. Nf3 d6 3. d4 cxd4 4. Nxd4 Nf6 5. Nc3 a6 6. f3 e5 7. Nb3 h5 8. Be3
Be6 9. Nd5 Bxd5 10. exd5 Nbd7 11. Qd2 b5 12. a4 Be7 13. axb5 axb5 14. Bxb5 Rxa1+
15. Nxa1 Qa8 16. O-O Qxd5 17. c4 Qxd2 18. Bxd2 O-O 19. Nc2 Rc8 20. Ne3 Nb6 21.
Ba5 Bd8 22. Rd1 Nxc4 23. Nxc4 Bxa5 24. Nxa5 Rc5 25. Rxd6 Rxb5 26. Nc4 e4 27.
fxe4 Nxe4 28. Rd8+ Kh7 29. h3 Rb4 30. Rc8 h4 31. Kh2 Ra4 32. Rc7 Ra1 33. g4
hxg3+ 34. Kg2 Rc1 35. Rc8 Rc2+ 36. Kg1 Rc1+ 37. Kg2 Rc2+ 38. Kg1 Ng5 0-1

[Event "Titled Tue 20th May Late"]
[Site "chess.com INT"]
[Date "2025.05.20"]
[Round "3"]
[White "Altini, Nicola"]
[Black "Jacobsen, Mikkel Manosri"]
[Result "0-1"]
[WhiteTitle "IM"]
[BlackTitle "FM"]
[WhiteElo "2357"]
[BlackElo "2223"]
[WhiteFideId "833924"]
[BlackFideId "1444514"]
[EventDate "2025.05.20"]

1. d4 d5 2. c4 e6 3. Nc3 a6 4. cxd5 exd5 5. Bf4 Nf6 6. e3 Bd6 7. Bxd6 Qxd6 8.
Bd3 O-O 9. Nge2 Re8 10. O-O Bg4 11. f3 Bh5 12. Qd2 Bg6 13. Ng3 c5 14. Nce2 Nc6
15. Rac1 cxd4 16. exd4 Re7 17. Nf4 Rae8 18. Nf5 Bxf5 19. Bxf5 g6 20. Bc2 Re3 21.
g3 Kg7 22. Be4 R3xe4 23. fxe4 Nxe4 24. Qd3 f5 25. Rcd1 Rc8 26. Rc1 Rd8 27. Rc2
Nb4 28. Rc7+ Qxc7 29. Ne6+ Kf6 30. Qb3 Kxe6 31. Qxb4 Rc8 32. g4 b5 33. Qa5 Qxa5 0-1

[Event "Titled Tue 20th May Late"]
[Site "chess.com INT"]
[Date "2025.05.20"]
[Round "3"]
[White "Wartiovaara, Oliver"]
[Black "Grodotzki, Kenneth"]
[Result "1-0"]
[WhiteTitle "FM"]
[BlackTitle "CM"]
[WhiteElo "2323"]
[BlackElo "1984"]
[WhiteFideId "513024"]
[BlackFideId "4648560"]
[EventDate "2025.05.20"]

1. d4 f5 2. Bf4 Nf6 3. e3 g6 4. h4 h6 5. Nc3 Bg7 6. Qf3 d6 7. Qg3 Kf7 8. Bc4+ e6
9. Nge2 a6 10. O-O-O b5 11. Bb3 Ra7 12. e4 fxe4 13. d5 e5 14. Bxe5 Nh5 15. Qe3
Rb7 16. Bxg7 Nxg7 17. Nxe4 Re8 18. Nd4 Bf5 19. f3 a5 20. Qxh6 a4 21. Ng5+ Kf6
22. h5 axb3 23. Nxf5 Nxf5 24. Qxg6+ Ke5 25. Nf7+ Kf4 26. Qg4+ Ke3 27. Nxd8 bxa2
28. Rde1+ Kf2 29. Rhf1# 1-0

[Event "Titled Tue 20th May Late"]
[Site "chess.com INT"]
[Date "2025.05.20"]
[Round "3"]
[White "Novosel, Lovro"]
[Black "Wiebe, Isaac"]
[Result "1-0"]
[WhiteTitle "FM"]
[WhiteElo "2346"]
[BlackElo "2085"]
[WhiteFideId "14547120"]
[BlackFideId "2623862"]
[EventDate "2025.05.20"]

1. Nf3 d5 2. c4 d4 3. e3 Nc6 4. d3 e5 5. exd4 exd4 6. g3 Bb4+ 7. Bd2 a5 8. Bg2
Nf6 9. O-O O-O 10. a3 Bd6 11. Bg5 h6 12. Bxf6 Qxf6 13. Nbd2 Bf5 14. Qc2 Rfe8 15.
Rfe1 Bg4 16. Ne4 Rxe4 17. Rxe4 Bxf3 18. Rae1 Bxe4 19. Bxe4 g6 20. Qb3 Ra7 21.
Bxc6 b6 22. Qb5 Kg7 23. Qd5 Bc5 24. Re8 h5 25. h4 Bd6 26. Kg2 a4 27. Qe4 Ra5 28.
Bd5 b5 29. Rc8 bxc4 30. Qe8 Qe7 31. Qh8# 1-0

[Event "Titled Tue 20th May Late"]
[Site "chess.com INT"]
[Date "2025.05.20"]
[Round "3"]
[White "Alvarado, Carlos"]
[Black "Papidakis, Georgios"]
[Result "1-0"]
[WhiteTitle "CM"]
[BlackTitle "CM"]
[WhiteElo "2032"]
[BlackElo "2130"]
[WhiteFideId "3800555"]
[BlackFideId "4295099"]
[EventDate "2025.05.20"]

1. Nf3 d5 2. b3 a5 3. a3 a4 4. b4 Bg4 5. Bb2 Bxf3 6. exf3 e6 7. f4 Nf6 8. g3 c5
9. b5 Nbd7 10. Bg2 Qa5 11. Qe2 c4 12. Nc3 Bc5 13. f5 O-O 14. fxe6 Rae8 15. O-O
Rxe6 16. Qd1 d4 17. Ne2 c3 18. dxc3 Qxb5 19. cxd4 Ba7 20. Nf4 Qxb2 21. Nxe6 fxe6
22. Rb1 Qxd4 23. Rxb7 Rb8 24. Qxd4 Bxd4 25. Rxb8+ Nxb8 26. Rb1 Nbd7 27. Rb4 e5
28. Rxa4 Ng4 29. Bd5+ Kf8 30. Be6 Ndf6 31. Bxg4 Nxg4 32. c3 Bxf2+ 33. Kg2 1-0

[Event "Titled Tue 20th May Late"]
[Site "chess.com INT"]
[Date "2025.05.20"]
[Round "3"]
[White "Kaasen, Tor Fredrik"]
[Black "Dogan, Mire Deniz"]
[Result "1-0"]
[WhiteTitle "IM"]
[BlackTitle "FM"]
[WhiteElo "2471"]
[BlackElo "2089"]
[WhiteFideId "1516647"]
[BlackFideId "6317456"]
[EventDate "2025.05.20"]

1. e4 c5 2. Nf3 Nc6 3. Nc3 e6 4. d4 cxd4 5. Nxd4 Nf6 6. Ndb5 a6 7. Nd6+ Bxd6 8.
Qxd6 Qe7 9. Bf4 Qxd6 10. Bxd6 b5 11. f3 Bb7 12. O-O-O O-O-O 13. Kb1 Ne8 14. Bg3
f6 15. h4 h5 16. Be2 Nc7 17. a4 b4 18. Na2 a5 19. Nc1 e5 20. Bc4 Nd4 21. c3 bxc3
22. bxc3 Nc6 23. Rd6 Ba6 24. Ba2 Ne8 25. Rd2 Kc7 26. Rhd1 d6 27. Bf2 Rb8+ 28.
Ka1 g5 29. Nb3 g4 30. Nc5 dxc5 31. Rd7+ Kb6 32. Rb1+ Nb4 33. cxb4 Kc6 34. Ra7
Bd3 35. Rd1 c4 36. b5+ Kd6 37. Bxc4 1-0

[Event "Titled Tue 20th May Late"]
[Site "chess.com INT"]
[Date "2025.05.20"]
[Round "3"]
[White "Kocharin, Timur"]
[Black "Gazineu Neto, Rubens"]
[Result "1-0"]
[WhiteTitle "FM"]
[WhiteElo "2324"]
[BlackElo "1960"]
[WhiteFideId "16240936"]
[BlackFideId "2174685"]
[EventDate "2025.05.20"]

1. Nf3 d5 2. b3 Nf6 3. Bb2 e6 4. g3 c5 5. Bg2 Nc6 6. O-O Bd6 7. c4 d4 8. e3 dxe3
9. dxe3 O-O 10. Qe2 Qe7 11. Nc3 a6 12. Rad1 Bd7 13. Rd2 Rfd8 14. Rfd1 Bc7 15.
Na4 Ba5 16. Bc3 Bxc3 17. Nxc3 Be8 18. h4 h6 19. Ne1 Rxd2 20. Rxd2 Rd8 21. Rxd8
Qxd8 22. Nd3 b6 23. Nf4 Ne5 24. Ne4 Nxe4 25. Bxe4 Bc6 26. Bxc6 Nxc6 27. Qf3 Qd6
28. h5 a5 29. Kg2 Kh7 30. Qe4+ Kg8 31. g4 Ne5 32. Ne2 Qc6 33. Qxc6 Nxc6 34. Kf3
Kf8 35. Ke4 Ke7 36. a3 f6 37. f4 Na7 38. Nc3 Kd6 39. Kd3 Nc6 40. Ne4+ Ke7 41.
Ng3 e5 42. Ke4 exf4 43. Nf5+ Kf7 44. exf4 Ne7 45. Nd6+ Ke6 46. Ne8 Kf7 47. Nc7
Nc6 48. Nd5 Nd4 49. b4 axb4 50. axb4 Nc2 51. b5 Na3 52. Nxb6 1-0

[Event "Titled Tue 20th May Late"]
[Site "chess.com INT"]
[Date "2025.05.20"]
[Round "3"]
[White "Lissillour, Baptiste"]
[Black "Herrera Ortiz, Miguel"]
[Result "0-1"]
[BlackTitle "IM"]
[WhiteElo "2318"]
[BlackElo "2174"]
[WhiteFideId "45179620"]
[BlackFideId "5100550"]
[EventDate "2025.05.20"]

1. e4 e6 2. d4 d5 3. e5 c5 4. c3 Ne7 5. Nf3 Nec6 6. h4 b6 7. h5 h6 8. g4 Ba6 9.
Bxa6 Nxa6 10. Nbd2 Nc7 11. Nf1 Qd7 12. Ng3 O-O-O 13. Be3 Kb7 14. Nh4 cxd4 15.
cxd4 Bb4+ 16. Kf1 Be7 17. Kg2 Rc8 18. Rc1 Na5 19. b3 Ba3 20. Rc2 Nb5 21. f4
Rxc2+ 22. Qxc2 Rc8 23. Qh7 Bf8 24. Nf3 Nc3 25. Rc1 Nxa2 26. Rxc8 Qxc8 27. f5 Nc3
28. fxe6 fxe6 29. g5 hxg5 30. Nxg5 Nxb3 31. h6 Qd7 32. Nh5 Nd1 33. Bf4 Nxd4 0-1

[Event "Titled Tue 20th May Late"]
[Site "chess.com INT"]
[Date "2025.05.20"]
[Round "3"]
[White "Anhwere, Bernard"]
[Black "Weidenhoefer, Max"]
[Result "1-0"]
[WhiteTitle "CM"]
[BlackTitle "CM"]
[WhiteElo "1906"]
[BlackElo "2171"]
[WhiteFideId "12600580"]
[BlackFideId "16230566"]
[EventDate "2025.05.20"]

1. d4 d5 2. c4 e5 3. dxe5 d4 4. Nf3 Nc6 5. e3 Bb4+ 6. Bd2 dxe3 7. fxe3 Bxd2+ 8.
Qxd2 Qe7 9. Nc3 Nxe5 10. Nd5 Nxf3+ 11. gxf3 Qd6 12. c5 Qd7 13. h4 c6 14. Nc3
Qxd2+ 15. Kxd2 Nf6 16. Bc4 a5 17. Rad1 Bf5 18. e4 Bg6 19. Ke3 h6 20. Rd6 Nd7 21.
Rhd1 Nxc5 22. b3 Ke7 23. Na4 Nxa4 24. Rd7+ Kf6 25. R1d6+ Ke5 26. f4# 1-0

[Event "Titled Tue 20th May Late"]
[Site "chess.com INT"]
[Date "2025.05.20"]
[Round "3"]
[White "Sobek, Jaroslav"]
[Black "Marchesich, Giovanni"]
[Result "1/2-1/2"]
[WhiteTitle "FM"]
[BlackTitle "CM"]
[WhiteElo "2195"]
[BlackElo "2219"]
[WhiteFideId "301388"]
[BlackFideId "2824790"]
[EventDate "2025.05.20"]

1. d4 f6 2. c4 g6 3. Nc3 Nh6 4. e4 Nf7 5. Nf3 Bg7 6. h4 O-O 7. h5 g5 8. Be3 h6
9. Bd3 d6 10. Qc2 Nc6 11. a3 e5 12. d5 Ne7 13. Nd2 Bd7 14. Nf1 Qc8 15. Ng3 c5
16. Nf5 Bxf5 17. exf5 a6 18. g4 Rb8 19. a4 Nd8 20. Ne4 Qd7 21. O-O Nc8 22. Ra3
Na7 23. Rb3 Rf7 24. Qd2 Bf8 25. Qa5 Qc7 26. Qxc7 Rxc7 27. Nxf6+ Kf7 28. Ne4 b6
29. Ra1 Rcb7 30. Kg2 b5 31. axb5 axb5 32. cxb5 Nxb5 33. Bxb5 Rxb5 34. Rxb5 Rxb5
35. Ra7+ Nb7 36. Bc1 Ke7 37. Kf1 Kd7 38. Ke2 Kc7 39. Nd2 Kb8 40. Ra6 Rb4 41. f3
Be7 42. Kd3 Bd8 43. Nc4 Bc7 44. Bd2 Rb3+ 45. Bc3 Rb5 46. Ra1 Bd8 47. Ra6 Kc7 48.
Rc6+ Kd7 49. Nd2 Na5 50. Ra6 Nb7 51. Ne4 Ba5 52. Bxa5 Rxa5 53. Rxa5 Nxa5 54. Kc3
Nb7 55. b4 cxb4+ 56. Kxb4 Ke7 57. Kb5 Kd7 58. f6 Nd8 59. Kb6 Nf7 60. Kb7 Nh8 61.
Kb6 Nf7 62. Kb7 Nd8+ 63. Kb6 Nf7 1/2-1/2

[Event "Titled Tue 20th May Late"]
[Site "chess.com INT"]
[Date "2025.05.20"]
[Round "3"]
[White "Boci, Mateu"]
[Black "Schuster, Karsten"]
[Result "0-1"]
[WhiteTitle "FM"]
[BlackTitle "FM"]
[WhiteElo "2268"]
[BlackElo "2266"]
[WhiteFideId "4704665"]
[BlackFideId "4611071"]
[EventDate "2025.05.20"]

1. e4 d5 2. exd5 Qxd5 3. Nc3 Qd8 4. Nf3 Nf6 5. d4 c6 6. Bd3 Bg4 7. Be3 e6 8. O-O
Bd6 9. h3 Bh5 10. Re1 O-O 11. Ne4 Nxe4 12. Bxe4 Bg6 13. Bxg6 hxg6 14. c4 Nd7 15.
Qd3 Nf6 16. Rad1 Bc7 17. Bg5 Qd6 18. Bxf6 gxf6 19. Re4 Rad8 20. Qe3 Kg7 21. a3
a6 22. Re1 b5 23. cxb5 cxb5 24. Rc1 Bb6 25. Qe2 Rc8 26. Rxc8 Rxc8 27. Qd2 Qc7
28. Qe2 Qc1+ 29. Kh2 Rc2 30. Qd3 Bc7+ 31. Ne5 fxe5 32. dxe5 Qd2 33. Qg3 Qxf2 34.
Qg5 Re2 35. Rxe2 Qxe2 36. Qf6+ Kg8 37. Qe7 Qxe5+ 38. Kg1 Qe1# 0-1

[Event "Titled Tue 20th May Late"]
[Site "chess.com INT"]
[Date "2025.05.20"]
[Round "3"]
[White "Klepek, Witold"]
[Black "Da Matta, Eduardo Cesar"]
[Result "1-0"]
[WhiteTitle "CM"]
[WhiteElo "2253"]
[BlackElo "2047"]
[WhiteFideId "1175068"]
[BlackFideId "2193108"]
[EventDate "2025.05.20"]

1. c4 c5 2. Nf3 Nc6 3. d4 cxd4 4. Nxd4 g6 5. g3 Bg7 6. Nb3 Nf6 7. Bg2 O-O 8. O-O
b6 9. Nc3 Bb7 10. h3 Rc8 11. Be3 Re8 12. Rc1 Qc7 13. Nd5 Qb8 14. Nxf6+ Bxf6 15.
Qxd7 Bxb2 16. Rb1 Bf6 17. c5 Red8 18. Qg4 Ne5 19. Qa4 Bxg2 20. Kxg2 h5 21. cxb6
axb6 22. Rfc1 Rxc1 23. Rxc1 h4 24. g4 Qb7+ 25. Kg1 Ra8 26. Qf4 Rxa2 27. Bd4 Rxe2
28. Bxe5 Bxe5 29. Qh6 Bg7 30. Qxh4 b5 31. Na5 Qa6 32. Rc6 Qxa5 33. Rc8+ Bf8 34.
Rxf8+ Kxf8 35. Qh8# 1-0

[Event "Titled Tue 20th May Late"]
[Site "chess.com INT"]
[Date "2025.05.20"]
[Round "3"]
[White "Ibarra Jerez, Jose Carlos"]
[Black "Roebers, Eline"]
[Result "1-0"]
[WhiteTitle "GM"]
[BlackTitle "IM"]
[WhiteElo "2545"]
[BlackElo "2361"]
[WhiteFideId "2226332"]
[BlackFideId "1058401"]
[EventDate "2025.05.20"]

1. e4 c5 2. Nf3 e6 3. d3 Nc6 4. g3 Nf6 5. Bg2 d5 6. Qe2 Be7 7. O-O O-O 8. e5 Nd7
9. c4 dxc4 10. dxc4 Qc7 11. Bf4 a6 12. Nc3 Rb8 13. Rad1 b5 14. h4 bxc4 15. Rfe1
Rb4 16. Ng5 h6 17. Nf3 Qb6 18. Nd2 Nd4 19. Qg4 Kh8 20. a3 Rxb2 21. Nxc4 Qb3 22.
Nxb2 Qxc3 23. Nd3 Qxa3 24. Qh5 f5 25. exf6 Nxf6 26. Qg6 Qa4 27. Rc1 Nb3 28. Rc3
Bd7 29. Ne5 Be8 30. Qc2 Nd4 31. Ng6+ Kh7 32. Nxf8+ 1-0

[Event "Titled Tue 20th May Late"]
[Site "chess.com INT"]
[Date "2025.05.20"]
[Round "3"]
[White "Garcia, Jhoel"]
[Black "Tologon tegin, Semetei"]
[Result "0-1"]
[WhiteTitle "IM"]
[BlackTitle "IM"]
[WhiteElo "2304"]
[BlackElo "2313"]
[WhiteFideId "3801110"]
[BlackFideId "13800574"]
[EventDate "2025.05.20"]

1. Nf3 g6 2. g3 Bg7 3. Bg2 d5 4. c4 d4 5. O-O Bf5 6. d3 Qc8 7. b4 Bh3 8. Bxh3
Qxh3 9. Bb2 e5 10. e3 dxe3 11. Nxe5 Qe6 12. Re1 exf2+ 13. Kxf2 Ne7 14. Qf3 O-O
15. b5 Nd7 16. Kg2 Nxe5 17. Bxe5 Bxe5 18. d4 Qxc4 19. Rxe5 Qxd4 20. Rxe7 Qxa1
21. Nc3 Qb2+ 22. Kh3 Rae8 23. Rxc7 Rc8 24. Rxc8 Rxc8 25. Nd5 Qe5 26. Nf6+ Kg7
27. Ng4 Qh5+ 28. Kg2 Rc2+ 29. Kg1 Qc5+ 30. Nf2 Rxa2 31. h4 0-1

[Event "Titled Tue 20th May Late"]
[Site "chess.com INT"]
[Date "2025.05.20"]
[Round "3"]
[White "Ristic, Nebojsa M"]
[Black "Moreira, Ronaldo Alonso"]
[Result "1-0"]
[WhiteTitle "IM"]
[WhiteElo "2248"]
[BlackElo "2097"]
[WhiteFideId "900850"]
[BlackFideId "2110547"]
[EventDate "2025.05.20"]

1. d4 Nf6 2. Bf4 d5 3. e3 e6 4. Nf3 Bd6 5. Bg3 O-O 6. Nbd2 c5 7. c3 Nc6 8. Bd3
a6 9. Qe2 cxd4 10. exd4 Re8 11. Ne5 Bxe5 12. dxe5 Nd7 13. Nf3 h6 14. O-O-O Qa5
15. Kb1 b5 16. Bc2 Bb7 17. Nd4 b4 18. Nxc6 Bxc6 19. c4 dxc4 20. Rd6 Rec8 21.
Rxc6 Rxc6 22. Qe4 Rac8 23. Qh7+ Kf8 24. Qh8+ Ke7 25. Qxg7 b3 26. Bh4+ Ke8 27.
axb3 cxb3 28. Qh8+ 1-0

[Event "Titled Tue 20th May Late"]
[Site "chess.com INT"]
[Date "2025.05.20"]
[Round "3"]
[White "Szpar, Milosz"]
[Black "Kracht, Raphael"]
[Result "1-0"]
[WhiteTitle "IM"]
[BlackTitle "CM"]
[WhiteElo "2475"]
[BlackElo "2194"]
[WhiteFideId "1184989"]
[BlackFideId "16214382"]
[EventDate "2025.05.20"]

1. e4 e6 2. d4 d5 3. Nd2 Nf6 4. e5 Nfd7 5. Bd3 c5 6. c3 Nc6 7. Ne2 Qb6 8. Nf3
cxd4 9. cxd4 Bb4+ 10. Kf1 f6 11. exf6 Nxf6 12. Ng3 O-O 13. h3 Bd7 14. Be3 Bd6
15. Kg1 Bxg3 16. fxg3 e5 17. Bf1 e4 18. Nd2 Nxd4 19. Nb3 Nf3+ 20. Qxf3 exf3 21.
Bxb6 fxg2 22. Bxg2 axb6 23. Kh2 Bc6 24. Nd4 Ne4 25. Rhf1 Rxf1 26. Bxf1 Ra4 27.
Nc2 Kf7 28. b3 Ra8 29. Nd4 Kf6 30. a4 Ke5 31. Rd1 Rf8 32. Bg2 Rf2 33. Kg1 Rd2
34. Nf3+ Kd6 35. Nxd2 Nxd2 36. Rxd2 Kc5 37. Kf2 Kb4 38. Bxd5 Bxd5 39. Rxd5 Kxb3
40. Rb5+ 1-0

[Event "Titled Tue 20th May Late"]
[Site "chess.com INT"]
[Date "2025.05.20"]
[Round "3"]
[White "Mazzilli, Piero"]
[Black "Tymrakiewicz, Rafal"]
[Result "0-1"]
[WhiteTitle "FM"]
[BlackTitle "FM"]
[WhiteElo "2274"]
[BlackElo "2189"]
[WhiteFideId "807087"]
[BlackFideId "1108832"]
[EventDate "2025.05.20"]

1. c4 g6 2. d4 Bg7 3. Nc3 Nf6 4. e4 O-O 5. g3 d6 6. Bg2 e5 7. Nf3 Nc6 8. d5 Nd4
9. Nxd4 exd4 10. Qxd4 Nxe4 11. Qxe4 Re8 12. O-O Rxe4 13. Nxe4 Bf5 14. Bg5 f6 15.
Bf4 Qd7 16. Rfe1 Re8 17. Re3 Bxe4 18. Bxe4 f5 19. Bc2 Rxe3 20. Bxe3 b6 21. Rb1
Be5 22. b3 f4 23. Bd2 Qh3 24. Be4 fxg3 25. fxg3 Bd4+ 26. Kh1 Qg4 27. Bg2 Kg7 28.
Re1 Be5 29. Be3 h5 30. Kg1 h4 31. gxh4 Qxh4 32. Bf2 Qxh2+ 33. Kf1 Qf4 34. Re3
Bd4 35. Ke2 0-1

[Event "Titled Tue 20th May Late"]
[Site "chess.com INT"]
[Date "2025.05.20"]
[Round "3"]
[White "Kollars, Dmitrij"]
[Black "Klimakovs, Sergejs"]
[Result "1-0"]
[WhiteTitle "GM"]
[BlackTitle "FM"]
[WhiteElo "2625"]
[BlackElo "2337"]
[WhiteFideId "12909572"]
[BlackFideId "11602066"]
[EventDate "2025.05.20"]

1. e4 c5 2. Nf3 g6 3. d4 cxd4 4. Nxd4 Nf6 5. Nc3 Bg7 6. e5 Ng8 7. Bc4 Qa5 8. O-O
Nc6 9. Nxc6 bxc6 10. Qf3 Qxe5 11. Qxf7+ Kd8 12. Qf3 Nf6 13. Bf4 Qa5 14. Rfe1 Rf8
15. Qe2 e6 16. Rad1 d5 17. Be5 Qb4 18. Bb3 a5 19. a3 Qe7 20. Na4 Ba6 21. Qd2 Bb5
22. c4 Bxa4 23. Bxa4 Rc8 24. Qxa5+ Ke8 25. cxd5 Nxd5 26. Bxg7 Qxg7 27. Qxd5 1-0

[Event "Titled Tue 20th May Late"]
[Site "chess.com INT"]
[Date "2025.05.20"]
[Round "3"]
[White "Rossi, Maximiliano"]
[Black "Albores, Pablo"]
[Result "1-0"]
[BlackTitle "CM"]
[WhiteElo "2013"]
[BlackElo "2220"]
[WhiteFideId "113425"]
[BlackFideId "105546"]
[EventDate "2025.05.20"]

1. e4 d6 2. d4 Nf6 3. Nc3 g6 4. h3 Bg7 5. g4 c6 6. a4 b6 7. Bg2 O-O 8. Nge2 Qc7
9. O-O e5 10. g5 Nh5 11. d5 Ba6 12. dxc6 Nxc6 13. Nd5 Qd8 14. c3 Nf4 15. Nexf4
exf4 16. Bxf4 Bxf1 17. Qxf1 Ne5 18. Rd1 Rc8 19. h4 h6 20. Bc1 hxg5 21. hxg5 f6
22. f4 Nc4 23. Bh3 Rc5 24. Be6+ Rf7 25. b3 Na5 26. f5 Kf8 27. fxg6 Re7 28. Qh3
Rxe6 29. Qxe6 Qe8 30. Qxe8+ Kxe8 31. gxf6 Bxf6 32. Nxf6+ Ke7 33. g7 Kxf6 34.
g8=Q Rg5+ 35. Qxg5+ 1-0

[Event "Titled Tue 20th May Late"]
[Site "chess.com INT"]
[Date "2025.05.20"]
[Round "3"]
[White "Mammadov, Sadig"]
[Black "Skramstad, Oda Kofoed"]
[Result "1-0"]
[WhiteTitle "IM"]
[BlackTitle "WCM"]
[WhiteElo "2395"]
[BlackElo "1898"]
[WhiteFideId "13408712"]
[BlackFideId "1564862"]
[EventDate "2025.05.20"]

1. d4 Nf6 2. c4 g6 3. Nc3 Bg7 4. e4 d6 5. Be2 O-O 6. Be3 e5 7. d5 c6 8. g4 cxd5
9. cxd5 Qa5 10. f3 b5 11. Bxb5 Ba6 12. Qa4 Qxa4 13. Bxa4 Nfd7 14. Bb5 f5 15.
gxf5 gxf5 16. Nge2 fxe4 17. fxe4 Kh8 18. Kd2 Nb6 19. b3 Rf6 20. Raf1 N6d7 21.
Bg5 Rg6 22. h4 Nc5 23. Be8 Rxg5 24. hxg5 Nbd7 25. Bg6 Nf8 26. Bf5 Kg8 27. Rh3
Ng6 28. b4 Bxe2 29. Nxe2 Na6 30. Be6+ Kh8 31. Rfh1 Nf8 32. Ng3 Nxb4 33. g6 Rb8
34. Rxh7+ Nxh7 35. Rxh7# 1-0

[Event "Titled Tue 20th May Late"]
[Site "chess.com INT"]
[Date "2025.05.20"]
[Round "3"]
[White "Ozates, Tuna"]
[Black "Danzer, George"]
[Result "1-0"]
[WhiteTitle "FM"]
[BlackTitle "CM"]
[WhiteElo "2217"]
[BlackElo "2172"]
[WhiteFideId "6354521"]
[BlackFideId "4659465"]
[EventDate "2025.05.20"]

1. c4 Nf6 2. Nc3 e6 3. e4 d5 4. e5 d4 5. exf6 dxc3 6. fxg7 cxd2+ 7. Qxd2 Qxd2+
8. Bxd2 Bxg7 9. O-O-O b6 10. Nf3 Bb7 11. Bd3 Nd7 12. Rhe1 h6 13. Bf4 O-O-O 14.
Bc2 Bxf3 15. gxf3 Nc5 16. b4 Nb7 17. a3 a5 18. Rxd8+ Rxd8 19. Re3 Bf8 20. c5
axb4 21. axb4 bxc5 22. b5 Rd4 23. Be5 Rb4 24. Ra3 Bd6 25. Ra8+ Kd7 26. Bf6 Rf4
27. Bg7 Nd8 28. Be4 f5 29. Bf6 Be7 30. Be5 Rh4 31. Bc2 Bd6 32. Bf6 Be7 33. Bxh4
Bxh4 34. Ra7 Bxf2 35. b6 Kc8 36. Ra8+ Kd7 37. Rxd8+ Kxd8 38. b7 Be3+ 39. Kd1 1-0